| 000 | 00781nam a22002537a 4500 | ||
|---|---|---|---|
| 999 |
_c40927 _d40927 |
||
| 001 | 11855 | ||
| 003 | CO-MdFUSB | ||
| 005 | 20180622073147.0 | ||
| 008 | 180509t19121939xxu||||| |||| 00| 0 eng d | ||
| 040 |
_aCO-MdFUSB _bspa _cCO-MdFUSB _dCO-MdFUSBC _erda |
||
| 041 | 0 | _aeng | |
| 082 | 0 | 4 | _aG 230 E9242g |
| 100 | 1 |
_aEvans, William (1870-1950) _eautor |
|
| 245 | 4 |
_aThe great doctrines of the Bible _c/ William Evans |
|
| 264 | 4 |
_aChicago, ILL., USA : _bMoody, _c©1912,1939 |
|
| 300 | _a275 Pag | ||
| 336 |
_2rdacontent _atexto _btxt |
||
| 337 |
_2rdamedia _asin mediación _bn |
||
| 338 |
_2rdacarrier _avolumen _bnc |
||
| 650 | 7 |
_aTeología bíblica _9320 |
|
| 650 | 0 |
_aTeología dogmática _91260 _xHistoria _yEdad Media, 600-1500 |
|
| 653 | _aObras de divulgación | ||
| 942 | _cBK | ||